000 01046nam a2200229Ia 4500
003 Ost
005 20260507075246.0
008 260507s9999||||xx |||||||||||||| ||und||
020 _a44772499579
040 _cfsecg
041 _aara
082 _a330
100 _aعليان، ربحي مصطفى
_eمؤلف
245 0 _aالعمليات الإدارية /
_c ربحي مصطفى عليان
260 _aعمان:
_bدار صفاء,
_c2010
300 _a304 صفحة؛
_bإيضاحات ؛
_c24 سم
504 _aمراجع ص.299
520 _aمفهوم الادارة و العمليات الادارية ، التخطيط ، اتخاذ القرارات الادارية ، التنظيم ، التوظيف و تقييم أداء العاملين ، التوجيه و القيادة و الرقابة و الاشراف و التنسيق ، الاتصال الادالاي و اخيرا تدريب العاملين أثناء الخدمة .
653 _aإدارة الأعمال
653 _aالادارة
942 _cكتاب
999 _c43658
_d43658